000 00468nam a2200181Ia 4500
005 20240704020611.0
008 240331s9999 xx 000 0 und d
020 _a0415074490
082 _a155
_bBRE
100 _aBrennan, T
245 4 _aThe interpretation of the flesh :
_bfreud and femininity
_cTeresa Brennan
260 _aLondon
_bRoutledge
_c1992
300 _axiii, 266 p .,
650 _a Femininity
650 _aPsychology
650 _aHistory
942 _cL
999 _c730
_d730